000 00616nam a2200193Ia 4500
003 GCL
008 140319s9999 xx 000 0 ara d
040 _aGCL /
_cGCL
082 0 4 _a219
_bط م
100 1 _aطارق البشرى
245 1 0 _aماهية المعاصرة /
_cطارق البشرى
300 _a71 ص
490 _aالهيئة العامة للاستعلامات
_v0
650 0 4 _aالاسلام
650 0 4 _aالاسلام والاصلاح الاجتماعى
650 0 4 _aالاسلام والاصلاح السياسى
650 0 4 _aالاسلام والاشتراكية
942 _2ddc
_cBK
999 _c50411
_d50411